00453nam a2200133Ia 4500008004100000020002200041082002100063100003000084245005600114300000800170942001200178999001900190952011000209210430s9999 xx 000 0 und d a978-969-8535-29-2 a891.43909 s5256c aDr.safdar ali shah954662 aColonialism english and punjabicDr.safdar ali shah a349 cBK2ddc c565306d565306 001040708NFICaSCMEbSCMEcGENd0000-00-00l0o891.43909 s5256cpSCME-4612r2021-04-30w2021-04-30yBK